I. SJAZD POĽSKÝCH HRUDNÝCH CHIRURGOV A ANESTÉZOLÓGOV S MEDZINÁRODNOU ÚČASŤOU

Podrobná bibliografia
Hlavný autor: Kostolný, Imrich, 1915-1980 (Autor)
Médium: Článok
Jazyk:slovenčina

MARC

LEADER 00000nab a2200000ua 4500
001 vtls010785622
003 SK-MaSNL
005 20260303123637.0
008 230214s1958 xo |||||||||||||||||slo|
035 |a (urnnbn)urn:nbn:sk:snk:ar-a03ana 
035 |a (uuid)d9d614f7-dca9-4f1b-8f8f-b1ed4dc3b807 
035 |a urn:nbn:sk:snk-ab56e8 
040 |a SNKBUCL  |b slo  |c SNKBUCL  |e AACR2 
041 0 |a slo 
044 |a xo  |c SK 
100 1 |a Kostolný, Imrich,  |d 1915-1980  |4 aut  |9 38518 
245 1 0 |a I. SJAZD POĽSKÝCH HRUDNÝCH CHIRURGOV A ANESTÉZOLÓGOV S MEDZINÁRODNOU ÚČASŤOU  |c I. Kostolný 
773 0 |t Bratislavské lekárske listy  |g Roč. 38, č. 3 (1958), s. 187-188 
954 |a odborná, vedecká literatúra pôvodná (slovenská)  |2 lita 
958 |a OND 
958 |a EUIPO 
958 |a article3 
999 |c 1927240  |d 1929170